[Event "Porto San Giorgio op 17th"]
[Site "Porto San Giorgio"]
[Date "2005.08.25"]
[Round "4"]
[White "Trent, Lawrence"]
[Black "Bellomo, Francesco"]
[Result "1-0"]
[WhiteElo "2407"]
[BlackElo "2328"]
[PlyCount "107"]
[EventDate "2005.08.22"]
[EventType "swiss"]
[EventRounds "9"]
[EventCountry "ITA"]
[SourceTitle "CBM 108 Extra"]
[Source "ChessBase"]
[SourceDate "2005.11.04"]
[SourceVersion "1"]
[SourceVersionDate "2005.11.04"]
[SourceQuality "1"]

1. e4 c5 2. Nf3 Nc6 3. Bb5 g6 4. 0-0 Bg7 5. c3 Nf6 6. Re1 0-0 7. e5 Nd5 8. d4 cxd4 9. cxd4 d6 10. Nc3 Nc7 11. exd6 Qxd6 12. Bg5 Be6 13. Bxc6 bxc6 14. Ne4 Qd8 15. Nc5 Re8 16. Ne5 Bd5 17. Bh4 Nb5 18. Qa4 Nd6 19. f3 Qb6 20. b3 Qb5 21. Qa3 a5 22. Na4 Qb4 23. Qxb4 axb4 24. Rac1 Nb5 25. Bf2 e6 26. Rc2 Red8 27. Be3 h5 28. Rec1 Bf6 29. Rd2 Bg7 30. Kf1 Nd6 31. Rdc2 Nf5 32. Bf2 Bh6 33. Re1 Bg7 34. Ree2 Bf6 35. Re1 Bg7 36. Ke2 Bf6 37. Rd1 h4 38. Nb6 Rab8 39. Nbd7 Rb7 40. Nc5 Ra7 41. Ncd3 Rb7 42. g4 hxg3 43. hxg3 Nd6 44. Nxc6 Bxc6 45. Rxc6 Nf5 46. Ne5 Ne7 47. Rc2 Nd5 48. Be1 Bxe5 49. dxe5 Ra7 50. Bxb4 Rda8 51. a3 Rb7 52. Rd4 Rab8 53. Bd6 Ra8 54. Rd3 1-0

[Event "Porto San Giorgio op 11th"]
[Site "Porto San Giorgio"]
[Date "1999.08.21"]
[Round "2"]
[White "Bellomo, Francesco"]
[Black "Grischuk, Alexander"]
[Result "0-1"]
[WhiteElo "2335"]
[BlackElo "2549"]
[PlyCount "74"]
[EventDate "1999.08.20"]
[EventType "swiss"]
[EventRounds "9"]
[EventCountry "ITA"]
[SourceTitle "EXT 2000"]
[Source "ChessBase"]
[SourceDate "1999.11.16"]
[SourceVersion "1"]
[SourceVersionDate "1999.11.16"]
[SourceQuality "1"]

1. Nf3 d5 2. g3 Nf6 3. Bg2 c6 4. 0-0 Bg4 5. d3 Nbd7 6. Nbd2 e5 7. e4 Bd6 8. c3 0-0 9. h3 Bh5 10. Qc2 Re8 11. a4 a5 12. Nb3 Qc7 13. Nh4 dxe4 14. dxe4 Nc5 15. Nf5 Bf8 16. Be3 Nfd7 17. Nxc5 Nxc5 18. Rfb1 Ne6 19. b4 axb4 20. cxb4 Rad8 21. a5 Nd4 22. Nxd4 exd4 23. Bf4 Bd6 24. Bxd6 Qxd6 25. Qd3 f5 26. exf5 Be2 27. Qd2 Bb5 28. Re1 d3 29. Bf3 Qf6 30. Bg4 Qf7 31. Rad1 h5 32. Bf3 Qxf5 33. Kg2 Bc4 34. Rxe8+ Rxe8 35. Re1 Rxe1 36. Qxe1 Bd5 37. Qe8+ Kh7 0-1

[Event "ITA Universities-chT 3rd"]
[Site "Asiago"]
[Date "1995.09.06"]
[Round "1.1"]
[White "Falcomata, Gesualdo"]
[Black "Bellomo, Francesco"]
[Result "0-1"]
[WhiteElo "1818"]
[BlackElo "2277"]
[PlyCount "70"]
[EventDate "1995.09.06"]
[EventType "team-swiss"]
[EventRounds "5"]
[EventCountry "ITA"]
[SourceTitle "EXT 2023"]
[Source "ChessBase"]
[SourceDate "2022.10.05"]
[SourceVersion "1"]
[SourceVersionDate "2022.10.05"]
[SourceQuality "1"]
[WhiteTeam "Calabria"]
[BlackTeam "Bari"]
[WhiteTeamCountry "ITA"]
[BlackTeamCountry "ITA"]

1. c4 Nf6 2. Nf3 g6 3. Nc3 Bg7 4. d4 0-0 5. g3 d6 6. Bg2 c6 7. 0-0 Bg4 8. Qc2 Nbd7 9. Rd1 Qc7 10. Bf4 e5 11. dxe5 dxe5 12. Bg5 h6 13. Bd2 Nc5 14. e4 Ne6 15. Be3 Nh7 16. Ne2 Nhg5 17. Nxg5 Nxg5 18. Bxg5 hxg5 19. Rd3 Bf6 20. Rad1 Be7 21. h3 Be6 22. c5 Qa5 23. Rc3 Qxa2 24. Nc1 Qa5 25. Nd3 Qc7 26. Ra3 Rfd8 27. Rda1 a6 28. Rf1 Rd4 29. Rc3 Rad8 30. Kh2 Kg7 31. g4 f6 32. f3 f5 33. Rf2 Bf6 34. Bf1 fxe4 35. fxe4 Rxe4 0-1

[Event "Catania op"]
[Site "Catania"]
[Date "1995.??.??"]
[Round "2"]
[White "Bellomo, Francesco"]
[Black "Isonzo, Davide"]
[Result "1-0"]
[WhiteElo "2360"]
[BlackElo "2190"]
[PlyCount "69"]
[EventDate "1995.08.??"]
[EventType "swiss"]
[EventRounds "9"]
[EventCountry "ITA"]
[SourceTitle "EXT 1998"]
[Source "ChessBase"]
[SourceDate "1997.11.17"]
[SourceVersion "1"]
[SourceVersionDate "1997.11.17"]
[SourceQuality "1"]

1. Nf3 Nf6 2. g3 d5 3. Bg2 c5 4. 0-0 e6 5. d3 Nc6 6. Nbd2 Be7 7. e4 0-0 8. Re1 Qc7 9. e5 Nd7 10. Qe2 b5 11. Nf1 a5 12. h4 Nd4 13. Nxd4 cxd4 14. Bf4 Ra6 15. Nh2 Rc6 16. Rac1 Qb6 17. Bg5 Bxg5 18. hxg5 Ba6 19. Ng4 Rfc8 20. Red1 Qc7 21. Rd2 b4 22. Bf1 a4 23. b3 Nc5 24. Rb1 axb3 25. axb3 Ne4 26. Ra1 Nxd2 27. Qxd2 Qd6 28. Ra2 Bb7 29. Be2 Qc5 30. Qf4 Ra6 31. Rxa6 Bxa6 32. Bd1 Kf8 33. Kg2 Bb5 34. Nh2 Ra8 35. Bg4 1-0

[Event "ITA-ch"]
[Site "Montecatini Terme"]
[Date "1995.??.??"]
[Round "?"]
[White "Bellomo, Francesco"]
[Black "Satta, Vladimiro"]
[Result "1-0"]
[WhiteElo "2375"]
[BlackElo "2295"]
[PlyCount "87"]
[EventDate "1995.??.??"]
[EventType "swiss"]
[EventRounds "7"]
[EventCountry "ITA"]
[SourceTitle "EXT 2002"]
[Source "ChessBase"]
[SourceDate "2001.11.25"]
[SourceVersion "1"]
[SourceVersionDate "2001.11.25"]
[SourceQuality "1"]

1. Nf3 d6 2. g3 e5 3. d3 g6 4. Bg2 Bg7 5. 0-0 f5 6. e4 fxe4 7. dxe4 Nf6 8. Nbd2 0-0 9. c3 h6 10. Nh4 Kh7 11. Nc4 Nc6 12. Ne3 Ng8 13. Nd5 Be6 14. Qc2 Bf7 15. Be3 Nf6 16. Rad1 Ne7 17. c4 Ng4 18. Bc1 c6 19. Nxe7 Qxe7 20. h3 Nf6 21. Be3 c5 22. Rd3 Rad8 23. Rfd1 Nh5 24. Nf3 b6 25. b3 Rfe8 26. Qe2 Bf8 27. Nh2 Nf6 28. g4 Nd7 29. f4 Rc8 30. g5 hxg5 31. f5 Qd8 32. Bxg5 Qc7 33. Ng4 a6 34. Qf2 b5 35. Qh4+ Kg8 36. Nf6+ Nxf6 37. Bxf6 Bg7 38. Bxg7 Kxg7 39. f6+ Kg8 40. Qh6 Be6 41. Qxg6+ Kh8 42. cxb5 axb5 43. Rxd6 c4 44. Rd7 1-0

[Event "Cappelle op 11th"]
[Site "Cappelle la Grande"]
[Date "1995.??.??"]
[Round "6"]
[White "Daly, Colm"]
[Black "Bellomo, Francesco"]
[Result "1-0"]
[WhiteElo "2210"]
[BlackElo "2375"]
[PlyCount "47"]
[EventDate "1995.03.??"]
[EventType "swiss"]
[EventRounds "9"]
[EventCountry "FRA"]
[SourceTitle "EXT 1997"]
[Source "ChessBase"]
[SourceDate "1996.11.15"]
[SourceVersion "1"]
[SourceVersionDate "1996.11.15"]
[SourceQuality "1"]

1. c4 e6 2. Nf3 Nf6 3. g3 b6 4. Bg2 Bb7 5. 0-0 Be7 6. b3 0-0 7. Bb2 d5 8. cxd5 exd5 9. e3 Nbd7 10. d3 Re8 11. Nbd2 Bf8 12. Re1 a5 13. a3 Nc5 14. Qc2 Ba6 15. Bf1 Ncd7 16. Bg2 c5 17. e4 Bb7 18. e5 Ng4 19. d4 c4 20. h3 Nh6 21. b4 axb4 22. axb4 b5 23. Nf1 Rc8 24. Qb1 1-0

[Event "ITA-chT"]
[Site "Italy"]
[Date "1993.??.??"]
[Round "2"]
[White "D'Amore, Carlo"]
[Black "Bellomo, Francesco"]
[Result "1/2-1/2"]
[WhiteElo "2415"]
[BlackElo "2365"]
[PlyCount "62"]
[EventDate "1993.??.??"]
[EventType "team"]
[EventRounds "9"]
[EventCountry "ITA"]
[SourceTitle "EXT 2024"]
[Source "ChessBase"]
[SourceDate "2023.10.10"]
[SourceVersion "1"]
[SourceVersionDate "2023.10.10"]
[SourceQuality "1"]

1. Nf3 Nf6 2. g3 b6 3. Bg2 Bb7 4. d3 e6 5. e4 d5 6. 0-0 Be7 7. a4 c5 8. exd5 exd5 9. d4 Nbd7 10. a5 0-0 11. a6 Bc6 12. Ne5 Nxe5 13. dxe5 Nd7 14. Re1 Nb8 15. Nc3 d4 16. Ne4 Nd7 17. Qh5 Rc8 18. Bf4 c4 19. Rad1 Nc5 20. Nd6 Bxd6 21. Rxd4 Qe8 22. Rxd6 Bxg2 23. Kxg2 Qa4 24. Qg4 Kh8 25. Red1 Qxa6 26. Be3 Qb7+ 27. Kg1 Ne6 28. Rd7 Rc7 29. R7d5 Rcc8 30. h4 h6 31. Rd7 Rc7 1/2-1/2

[Event "ITA-chT"]
[Site "Italy"]
[Date "1993.??.??"]
[Round "4"]
[White "Vancini, Edoardo"]
[Black "Bellomo, Francesco"]
[Result "0-1"]
[WhiteElo "2285"]
[BlackElo "2365"]
[PlyCount "44"]
[EventDate "1993.??.??"]
[EventType "team"]
[EventRounds "9"]
[EventCountry "ITA"]
[SourceTitle "EXT 2024"]
[Source "ChessBase"]
[SourceDate "2023.10.10"]
[SourceVersion "1"]
[SourceVersionDate "2023.10.10"]
[SourceQuality "1"]

1. e4 c5 2. c3 e6 3. d4 d5 4. exd5 exd5 5. Nf3 Nf6 6. Bb5+ Bd7 7. Bxd7+ Nbxd7 8. 0-0 Be7 9. dxc5 Nxc5 10. Nbd2 0-0 11. Nb3 Nce4 12. Nfd4 Bd6 13. f3 Nc5 14. Nxc5 Bxc5 15. Be3 Nd7 16. Kh1 Re8 17. Re1 Nb6 18. Nf5 Bxe3 19. Nxe3 Qh4 20. g3 Qf6 21. Kg2 Rad8 22. Qd3 d4 0-1

[Event "Montesilvano op"]
[Site "Montesilvano"]
[Date "1992.??.??"]
[Round "?"]
[White "Bellomo, Francesco"]
[Black "Manca, Federico"]
[Result "1-0"]
[WhiteElo "2365"]
[BlackElo "2415"]
[PlyCount "55"]
[EventDate "1992.??.??"]
[EventType "swiss"]
[EventRounds "5"]
[EventCountry "ITA"]
[SourceTitle "EXT 2002"]
[Source "ChessBase"]
[SourceDate "2001.11.25"]
[SourceVersion "1"]
[SourceVersionDate "2001.11.25"]
[SourceQuality "1"]

1. e4 d6 2. d4 Nf6 3. Nc3 g6 4. Be3 Bg7 5. h3 0-0 6. Nf3 a6 7. a4 b6 8. Be2 Bb7 9. Nd2 c5 10. d5 e6 11. dxe6 fxe6 12. 0-0 Nc6 13. Nf3 d5 14. Ng5 Re8 15. Nxe6 Rxe6 16. exd5 Rd6 17. dxc6 Rxd1 18. Rfxd1 Qc7 19. cxb7 Rd8 20. Bxa6 Nh5 21. Bb5 Rf8 22. Rd7 Qe5 23. Rad1 Bf6 24. R1d5 Qb8 25. Ne4 Bh4 26. Bf4 Kh8 27. Rxh5 gxh5 28. Bd2 1-0

[Event "Asiag Ludi Univ tt"]
[Site "Asiag"]
[Date "1991.??.??"]
[Round "3"]
[White "Bellomo, Francesco"]
[Black "Rivello, Roberto"]
[Result "1-0"]
[WhiteElo "2205"]
[BlackElo "2235"]
[PlyCount "64"]
[EventDate "1991.09.07"]
[EventType "team"]
[EventRounds "5"]
[EventCountry "ITA"]
[SourceTitle "EXT 2002"]
[Source "ChessBase"]
[SourceDate "2001.11.25"]
[SourceVersion "1"]
[SourceVersionDate "2001.11.25"]
[SourceQuality "1"]

1. e4 c5 2. Nf3 d6 3. c3 Nf6 4. Bd3 Nc6 5. Bc2 Bg4 6. d3 e5 7. Nbd2 Be7 8. h3 Be6 9. 0-0 0-0 10. Re1 Qc7 11. Nf1 Rad8 12. Qe2 h6 13. Ng3 Rfe8 14. Ba4 a6 15. d4 exd4 16. cxd4 b5 17. d5 Bc8 18. Bc2 Ne5 19. a4 Nxf3+ 20. Qxf3 Nd7 21. axb5 axb5 22. Nh5 Bf8 23. Qg3 g6 24. e5 Rxe5 25. Rxe5 Nxe5 26. f4 Nd7 27. Bxg6 fxg6 28. Qxg6+ Kh8 29. b4 c4 30. Be3 Ne5 31. fxe5 dxe5 32. Rf1 Ba6 1-0

[Event "Asiag Ludi Univ tt"]
[Site "Asiag"]
[Date "1991.??.??"]
[Round "4"]
[White "Saccone, Fabio"]
[Black "Bellomo, Francesco"]
[Result "0-1"]
[WhiteElo "2205"]
[BlackElo "2205"]
[PlyCount "61"]
[EventDate "1991.09.07"]
[EventType "team"]
[EventRounds "5"]
[EventCountry "ITA"]
[SourceTitle "EXT 2002"]
[Source "ChessBase"]
[SourceDate "2001.11.25"]
[SourceVersion "1"]
[SourceVersionDate "2001.11.25"]
[SourceQuality "1"]

1. c4 e6 2. Nc3 d5 3. d4 Be7 4. e3 Nf6 5. Nf3 0-0 6. Bd3 a6 7. cxd5 exd5 8. 0-0 Bg4 9. Qc2 Bxf3 10. gxf3 Nc6 11. Bf5 Bd6 12. f4 Ne7 13. Bh3 c6 14. f3 c5 15. Ne2 Qb6 16. b3 cxd4 17. Nxd4 Bxf4 18. Qd3 Nc6 19. Nf5 Be5 20. Rb1 Qb5 21. Qd2 g6 22. Qg2 Kh8 23. Nh6 Qd3 24. f4 Bc3 25. Ba3 Qxe3+ 26. Kh1 Nd4 27. Bxf8 Rxf8 28. Ng4 Nxg4 29. Bxg4 f5 30. Bf3 Nxf3 31. Qxf3 0-1

[Event "Madonna di Campiglio op 14th"]
[Site "Madonna di Campiglio"]
[Date "1988.07.24"]
[Round "8.9"]
[White "Krause, Christian"]
[Black "Bellomo, Francesco"]
[Result "1-0"]
[WhiteElo "2235"]
[BlackElo "2179"]
[PlyCount "137"]
[EventDate "1988.07.16"]
[EventType "swiss"]
[EventRounds "8"]
[EventCountry "ITA"]
[SourceTitle "EXT 2023"]
[Source "ChessBase"]
[SourceDate "2022.10.05"]
[SourceVersion "1"]
[SourceVersionDate "2022.10.05"]
[SourceQuality "1"]

1. c4 e5 2. Nc3 Nf6 3. Nf3 Nc6 4. e4 Bb4 5. d3 d6 6. g3 0-0 7. Bg2 Bxc3+ 8. bxc3 b6 9. 0-0 Bb7 10. Nh4 Nd7 11. Rb1 Ne7 12. Bh3 Nc5 13. Rb2 Bc8 14. Bg2 Bb7 15. f4 Qd7 16. f5 f6 17. g4 Qa4 18. Qe2 h6 19. Be3 Rad8 20. Bf3 Kf7 21. g5 Ke8 22. gxh6 gxh6 23. Ng6 Rg8 24. h4 Nxg6 25. Bh5 Kd7 26. fxg6 Kc8 27. Bg4+ Kb8 28. h5 Qe8 29. Bf5 Qf8 30. Qd1 Qg7 31. Rg2 Rh8 32. Qc2 Ba6 33. Bf2 Bc8 34. Bh4 Rhf8 35. Rgf2 Bxf5 36. Rxf5 Qd7 37. Qe2 Ne6 38. Kh2 Nf4 39. Qf3 Rde8 40. Be1 Ne6 41. Bd2 Kb7 42. Bxh6 Rh8 43. Be3 Ng7 44. h6 Nxf5 45. Qxf5 Qa4 46. g7 Rhg8 47. Qf2 Qd7 48. Rg1 Re7 49. Qf5 Qe8 50. Rg6 Rf7 51. Qg4 Qe7 52. Bf2 a6 53. Bh4 a5 54. Qf5 Qe8 55. Bxf6 Qa4 56. Qf3 Qc2+ 57. Rg2 Qc1 58. Rg6 Qd2+ 59. Kh3 Qe1 60. Qg3 Qf1+ 61. Qg2 Qd1 62. Kh4 Qc1 63. Qg3 Kc6 64. h7 Rgxg7 65. Bxg7 Rxg7 66. h8Q Qh1+ 67. Qh3 Qe1+ 68. Kh5 Qd1+ 69. Kh6 1-0

[Event "Madonna di Campiglio op 14th"]
[Site "Madonna di Campiglio"]
[Date "1988.07.23"]
[Round "7.5"]
[White "Bellomo, Francesco"]
[Black "Rosino, Antonio"]
[Result "1/2-1/2"]
[WhiteElo "2179"]
[BlackElo "2320"]
[PlyCount "114"]
[EventDate "1988.07.16"]
[EventType "swiss"]
[EventRounds "8"]
[EventCountry "ITA"]
[SourceTitle "EXT 2023"]
[Source "ChessBase"]
[SourceDate "2022.10.05"]
[SourceVersion "1"]
[SourceVersionDate "2022.10.05"]
[SourceQuality "1"]

1. e4 e5 2. Nf3 Nc6 3. Bb5 Nf6 4. 0-0 Nxe4 5. d4 Nd6 6. Bxc6 dxc6 7. dxe5 Nf5 8. Qxd8+ Kxd8 9. Rd1+ Ke8 10. Nc3 h6 11. h3 Be7 12. Ne4 Be6 13. g4 Bd5 14. Ned2 Rd8 15. gxf5 Bxf3 16. Re1 Bh5 17. Kg2 f6 18. f4 fxe5 19. Ne4 Rd1 20. Bd2 Rxa1 21. Rxa1 exf4 22. Bxf4 Bf7 23. Bxc7 Bd5 24. Re1 Rf8 25. Kg3 Bxe4 26. Rxe4 Rxf5 27. Bd6 Rf7 28. Bc5 b6 29. Bd4 Kd7 30. Kg4 g6 31. Rf4 h5+ 32. Kf3 Rxf4+ 33. Kxf4 Ke6 34. b3 Bd8 35. c4 a6 36. a4 b5 37. axb5 axb5 38. cxb5 cxb5 39. Ke4 Bg5 40. Be5 Bd2 41. Bg7 Bc1 42. Bf8 Bb2 43. Bh6 Bf6 44. Be3 Bd8 45. Bd2 g5 46. Be3 Kf6 47. Bd4+ Kg6 48. Be5 Bf6 49. Bd6 Bc3 50. b4 g4 51. hxg4 hxg4 52. Kf4 Kh5 53. Be7 Be1 54. Ke3 g3 55. Kf3 Kg6 56. Ke4 Bf2 57. Bh4 Be1 1/2-1/2

[Event "Madonna di Campiglio op 14th"]
[Site "Madonna di Campiglio"]
[Date "1988.07.19"]
[Round "4.7"]
[White "Bellomo, Francesco"]
[Black "Battaggia, Piergiorgio"]
[Result "1/2-1/2"]
[WhiteElo "2179"]
[BlackElo "2006"]
[PlyCount "52"]
[EventDate "1988.07.16"]
[EventType "swiss"]
[EventRounds "8"]
[EventCountry "ITA"]
[SourceTitle "EXT 2023"]
[Source "ChessBase"]
[SourceDate "2022.10.05"]
[SourceVersion "1"]
[SourceVersionDate "2022.10.05"]
[SourceQuality "1"]

1. c4 Nf6 2. Nf3 e6 3. g3 d5 4. Bg2 dxc4 5. 0-0 Nbd7 6. a4 c5 7. Na3 b6 8. Nxc4 Bb7 9. d3 Be7 10. e4 0-0 11. Qb3 Ba6 12. Re1 Rc8 13. Bg5 h6 14. Bf4 Nb8 15. Nfe5 Nfd7 16. Bh3 Bxc4 17. Nxc4 Nc6 18. e5 Bg5 19. Bxg5 hxg5 20. Re4 Qc7 21. Rae1 a6 22. Qd1 Nd4 23. Nd2 b5 24. Qh5 f5 25. Rxd4 cxd4 26. Nf3 Rce8 1/2-1/2

[Event "Madonna di Campiglio op 14th"]
[Site "Madonna di Campiglio"]
[Date "1988.07.17"]
[Round "2.1"]
[White "Bellomo, Francesco"]
[Black "Bellin, Robert"]
[Result "0-1"]
[WhiteElo "2179"]
[BlackElo "2410"]
[PlyCount "64"]
[EventDate "1988.07.16"]
[EventType "swiss"]
[EventRounds "8"]
[EventCountry "ITA"]
[SourceTitle "EXT 2023"]
[Source "ChessBase"]
[SourceDate "2022.10.05"]
[SourceVersion "1"]
[SourceVersionDate "2022.10.05"]
[SourceQuality "1"]

1. c4 f5 2. Nf3 Nf6 3. b3 e6 4. g3 Be7 5. Bb2 0-0 6. Bg2 d6 7. 0-0 e5 8. c5 e4 9. cxd6 Bxd6 10. Ne5 Qe7 11. d4 Rd8 12. Nc4 Bc5 13. e3 a6 14. Qc2 Ba7 15. Ba3 Qe8 16. Ne5 c6 17. Nd2 Nbd7 18. Ndc4 Nxe5 19. Nxe5 Be6 20. Rac1 Bd5 21. Bc5 b6 22. Ba3 Rac8 23. Qb2 Qe6 24. Rfd1 Bb8 25. Nc4 Bc7 26. Qc3 a5 27. Bb2 Re8 28. a4 h6 29. Bf1 Nh7 30. b4 axb4 31. Qxb4 Ng5 32. Nxb6 Rb8 0-1

[Event "Madonna di Campiglio op 14th"]
[Site "Madonna di Campiglio"]
[Date "1988.07.16"]
[Round "1.12"]
[White "Buratti, Marco"]
[Black "Bellomo, Francesco"]
[Result "0-1"]
[WhiteElo "1999"]
[BlackElo "2179"]
[PlyCount "102"]
[EventDate "1988.07.16"]
[EventType "swiss"]
[EventRounds "8"]
[EventCountry "ITA"]
[SourceTitle "EXT 2023"]
[Source "ChessBase"]
[SourceDate "2022.10.05"]
[SourceVersion "1"]
[SourceVersionDate "2022.10.05"]
[SourceQuality "1"]

1. e4 c5 2. Nc3 Nc6 3. Bc4 Nf6 4. d3 e6 5. Nge2 d5 6. exd5 exd5 7. Bb5 Be7 8. 0-0 0-0 9. Bxc6 bxc6 10. Ng3 Rb8 11. b3 Bd6 12. Nce2 Rb4 13. Ba3 Rh4 14. d4 Ne4 15. f3 cxd4 16. Bxd6 Nxd6 17. Nxd4 Qb6 18. c3 Nb5 19. Qc2 Nxd4 20. cxd4 Qxd4+ 21. Kh1 Qf6 22. Rac1 Rh6 23. Rfe1 Qh4 24. Nf1 Ba6 25. h3 Bxf1 26. Rxf1 Re8 27. Qf2 Qxf2 28. Rxf2 Rd6 29. Rfc2 Ree6 30. b4 d4 31. b5 d3 32. Rd2 h5 33. bxc6 Rxc6 34. Rxc6 Rxc6 35. Rxd3 Ra6 36. Rd2 h4 37. Kg1 g5 38. Kf2 Kg7 39. Ke1 Ra3 40. Kd1 Kf6 41. Kc1 Ke5 42. Re2+ Kf5 43. Kb2 Ra5 44. Kb3 Re5 45. Rd2 Kf4 46. Rd4+ Ke3 47. Rg4 f6 48. Kc3 Rf5 49. Rb4 Rc5+ 50. Kb3 Kf2 51. Rg4 Rf5 0-1